Sueños de oro (Record no. 157137)

MARC details
000 -LEADER
campo de control de longitud fija 01255nam a2200229 i 4500
001 - NÚMERO DE CONTROL
campo de control 157137
003 - IDENTIFICADOR DE NÚMERO DE CONTROL
campo de control ES-MaACL
005 - FECHA Y HORA DE LA ÚLTIMA TRANSACCIÓN
campo de control 20250824090220.0
008 - DATOS DE LONGITUD FIJA--INFORMACIÓN GENERAL
campo de control de longitud fija 040810s1875 sp |||| | spa d
100 1# - ENTRADA PRINCIPAL--NOMBRE DE PERSONA
Nombre de persona Larra y Wetoret, Luis Mariano de,
Fechas asociadas al nombre 1830-1901
9 (RLIN) 70289
245 10 - MENCIÓN DEL TÍTULO
Título Sueños de oro
Resto del título : zarzuela fantástica de grande espectáculo, en prosa y verso, dividida en tres actos y once cuadros /
Mención de responsabilidad, etc. original de Luis Mariano de Larra ; música del maestro Barbieri ; decoración y maquinaria de Ferri y Busato.
250 ## - MENCION DE EDICION
Mención de edición 4ª ed.
260 ## - PUBLICACIÓN, DISTRIBUCIÓN, ETC.
Lugar de publicación, distribución, etc. Madrid :
Nombre del editor, distribuidor, etc. [s.n.],
Fecha de publicación, distribución, etc. 1875 (
Fabricante Imp. de José Rodriguez)
300 ## - DESCRIPCIÓN FÍSICA
Extensión 101 p. ;
Dimensiones 19 cm.
500 ## - NOTA GENERAL
Nota general Representada en el Teatro de la Zarzuela el 21 de diciembre de 1872.
530 ## - NOTA DISPONIBLE DE FORMULARIO FÍSICO ADICIONAL
Nota de formato físico adicional disponible Disponible en formato digital.
596 ## - NOTA AL PIE DE IMPRENTA
NOTA AL PIE DE IMPRENTA En verso de port. consta: " Los comisionados de la Galería Lírico-Dramática, titulada El Teatro, de Don Alonso Gullon ..."
700 1# - ENTRADA AGREGADA--NOMBRE PERSONAL
Nombre de persona Barbieri, Francisco A.,
Fechas asociadas al nombre 1823-1894
9 (RLIN) 25463
852 ## - LOCALIZACIÓN
Ubicación ES-MaACL
Número de control de estantería D-2486(8)
Nota libre - Enc. hol.
-- . - Legado M. de la Fuente
condición física - Falto de cub. original
Nota libre - Enc. en un vol. facticio
856 ## - LOCALIZACIÓN Y ACCESO ELECTRÓNICOS
Identificador Uniforme de Recursos <a href="https://bvpb.mcu.es/es/consulta/registro.do?id=577769 ">https://bvpb.mcu.es/es/consulta/registro.do?id=577769 </a>
Nota pública Biblioteca Virtual del Patrimonio Bibliográfico
Holdings
Estatus retirado Estado de pérdida Estado de daño No para préstamo Colección Biblioteca de origen Biblioteca actual Ubicación en estantería Fecha de adquisición Total de préstamos Signatura topográfica completa Código de barras Visto por última vez Precio de reemplazo Tipo de ítem Koha
        Colección digital Biblioteca del Ateneo de Madrid Biblioteca del Ateneo de Madrid Sala Valle Inclán 17/01/2008   D-2486(8) 901164413 23/02/2023 23/02/2023 Libro impreso antiguo